000 00521nam a22001938i 4500
001 019798986
003 Uk
005 20220610154815.0
008 200506s2020 enk 000|0|eng d
020 _a9780141985985
082 0 4 _a305.42 DEL 2020
100 1 _aDelap, Lucy,
_eauthor.
245 1 0 _aFeminisms :
_ba global history /
_cLucy Delap.
264 1 _aLondon :
_bPelican,
_c2020.
300 _a394 pages ;
_c23 cm.
650 0 _aFeminism
_xHistory.
776 0 8 _iebook version :
_z9780141985992.
942 _2ddc
_cMAIN
999 _c9022
_d9023